| 000 | 00956nam a2200241 a 4500 | ||
|---|---|---|---|
| 001 | 83340 | ||
| 003 | BD-RjUL | ||
| 005 | 20240313111841.0 | ||
| 008 | 240313s2004 bg a|||| m||| 00| 0 eng d | ||
| 035 | _a(BD-RjUL)83340 | ||
| 040 |
_aBD-RjUL _beng _cBD-RjUL _dBD-RjUL |
||
| 041 | _aeng | ||
| 082 |
_223 _a363.7392 _bNAA 2004 |
||
| 100 |
_aUddin, Md. Nasir _93716 |
||
| 245 | 1 | 0 |
_aAir Pollution Control in Urban Areas of Banglaedsh : _bQuest for Sustainable Improvement of air Quality of Dhaka City / _cBy Md. Nasir Uddin ; _6Supervisor : M. Zahidul Hassan |
| 260 |
_aRajshahi : _bInstitute of Bangladesh Studies, Rajshahi University, _c2004 |
||
| 300 |
_axxviii, 300 Leaves : _bill, ; _c29 cm. |
||
| 502 | _aThesis (Ph. D.) -- Institute of Bangladesh Studies, Rajshahi University, 2004 | ||
| 504 | _aBibliography : Leaves 256-265 | ||
| 650 |
_aSocial Problem _vAir Pollution _912279 |
||
| 700 |
_aHassan, M. Zahidul, Supervisor _91595 |
||
| 942 |
_2ddc _cTHE |
||
| 999 |
_c83340 _d83340 |
||